000 00738nam a2200241Ia 4500
003 OSt
005 20220925215409.0
006 a|||||r|||| 00| 0
007 ta
008 220923b |||||||| |||| 00| 0 eng d
037 _cGeneral Book
040 _aRTL
_cRTL
_beng
041 _2eng
_aeng
082 _aX:54.30K2.N38, G9/GD
100 _aAinscough Thomas M
_9282757
245 0 _aConditions and prospects of United Kingdom trade in India
260 _aLondon
_bHMSO U.K.
_c1939
300 _a288p.
_ccm.
490 _a(Great Britain overseas trade (Deptt) publication.718)
650 _aExpoet
_9246701
942 _hX:54.30K2.N38, G9/GD
_cGB
_2CC
999 _c568700
_d568700